000 00390nam a2200145 4500
003 OSt
082 _a631.3
_bMAH/SE
088 _aT 630
100 _aMahesh Babu, T
_96324
245 _aA Sensor based tractor drawn ginger planter /
260 _aTavanur :
_bDepartment of Farm Machinery and Power Engineering,
_c2024.
300 _a231p.
700 _aPreman P S (Guide)
_94999
942 _cTH
999 _c18142
_d18142